| 000 | 02587cam a2200385 i 4500 | ||
|---|---|---|---|
| 001 | 22232469 | ||
| 003 | CSPC | ||
| 005 | 20250814143437.0 | ||
| 008 | 210914s2023 mau b 001 0 eng | ||
| 010 | _a 2021045333 | ||
| 020 |
_a9781284157321 _q(paperback) |
||
| 035 | _a22232469 | ||
| 040 |
_aDLC _beng _erda _cDLC _dDLC _dCSPC |
||
| 042 | _apcc | ||
| 050 | 0 | 0 |
_aQA76.73.C153 _bD34 2023 |
| 082 | 0 | 0 |
_a005.133 _bD152p _223 |
| 100 | 1 |
_aDale, Nell _q(Nell B.), _eauthor. |
|
| 245 | 1 | 0 |
_aProgramming and problem solving with C++ / _cNell Dale, Chip Weems, and Tim Richards. |
| 250 | _aSeventh edition. | ||
| 264 | 1 |
_aBurlington, Massachusetts : _bJones & Bartlett Learning, _c2023. |
|
| 300 |
_axxv, 1247 pages ; _c23 cm. |
||
| 336 |
_atext _btxt _2rdacontent |
||
| 337 |
_aunmediated _bn _2rdamedia |
||
| 338 |
_avolume _bnc _2rdacarrier |
||
| 504 | _aIncludes bibliographical references and index. | ||
| 505 | 0 | _aOverview of programming and problem solving -- C++ syntax and semantics, and the program development process -- Numeric types, expressions, and output -- program input and the software design process -- Conditions, logical expressions, and selection control structures -- Looping -- Additional control structures -- Functions -- Scope, lifetime, and more on functions -- User-defined data types -- Arrays -- Classes and abstraction -- Array-based lists -- Dynamic data and linked lists -- Inheritance, polymorphism, and object-oriented design -- Templates, operator overloading, and exceptions -- Introduction to data structures using the standard template library -- Recursion. | |
| 520 |
_a"Programming and Problem Solving with C++ is appropriate for the introductory C++ programming course at the undergraduate level. Due to its coverage, it can be used in a one or two semester course. Competitive advantages of this title include: The reputation of the authors Appropriate and thorough coverage of C++ topics for the beginner programmer Clear examples and exercises, with hands-on examples and case studies"-- _cProvided by publisher. |
||
| 650 | 0 | _aC++ (Computer program language). | |
| 700 | 1 |
_aWeems, Chip, _eauthor. |
|
| 700 | 1 |
_aRichards, Tim _c(Computer scientist), _eauthor. |
|
| 906 |
_a7 _bcbc _corignew _d1 _eecip _f20 _gy-gencatlg |
||
| 942 |
_2ddc _cBK _e23 _h005.133 _iD152p _kCIR _m2023 _n0 |
||
| 999 |
_c30027 _d30027 |
||